Leyendas de Mesopotamia / (Registro nro. 92085)

Detalles MARC
000 -LEADER
campo de control de longitud fija 00781nam a2200241 i 4500
001 - NÚMERO DE CONTROL
campo de control 92085
003 - IDENTIFICADOR DE NÚMERO DE CONTROL
campo de control ES-MaACL
005 - FECHA Y HORA DE LA ÚLTIMA TRANSACCIÓN
campo de control 20250825062630.0
007 - CAMPO FIJO DE DESCRIPCIÓN FÍSICA--INFORMACIÓN GENERAL
campo de control de longitud fija t|
008 - DATOS DE LONGITUD FIJA--INFORMACIÓN GENERAL
campo de control de longitud fija 050221s1956 sp ||||1| spa d
080 ## - NÚMERO DE LA CLASIFICACIÓN DECIMAL UNIVERSAL
Número de la Clasificación Decimal Universal 087.5:398.2(358)
100 1# - ENTRADA PRINCIPAL--NOMBRE DE PERSONA
Nombre de persona Lázaro Ros, Amando.
9 (RLIN) 70807
245 00 - MENCIÓN DEL TÍTULO
Título Leyendas de Mesopotamia /
Mención de responsabilidad, etc. Amando Lázaro Ros ; ilustraciones de José Luis Pradera.
260 ## - PUBLICACIÓN, DISTRIBUCIÓN, ETC.
Lugar de publicación, distribución, etc. Madrid :
Nombre del editor, distribuidor, etc. Aguilar,
Fecha de publicación, distribución, etc. [1956]
300 ## - DESCRIPCIÓN FÍSICA
Extensión 94 p. :
Otras características físicas il. col. ;
Dimensiones 28 cm.
490 1# - MENCIÓN DE SERIE
Mención de serie El globo de colores. Mitos y leyendas
650 #4 - PUNTO DE ACCESO ADICIONAL DE MATERIA--TÉRMINO DE MATERIA
Término de materia o nombre geográfico como elemento de entrada Leyendas-
Subdivisión geográfica Mesopotamia.
9 (RLIN) 173930
655 #7 - TERMINO DE INDIZACIÓN--GENERO/FORMA
Datos o término principal de género/forma Libros infantiles
Fuente del término tgfbne
9 (RLIN) 226786
700 1# - ENTRADA AGREGADA--NOMBRE PERSONAL
Nombre de persona Pradera, José Luis.
9 (RLIN) 93592
830 1# - PUNTO DE ACCESO ADICIONAL DE SERIE-TÍTULO UNIFORME
Título uniforme El globo de colores. Mitos y leyendas
9 (RLIN) 184242
852 4# - LOCALIZACIÓN
Ubicación ES-MaACL
Número de control de estantería C-11700
Existencias
Estatus retirado Estado de pérdida Estado de daño No para préstamo Biblioteca de origen Biblioteca actual Ubicación en estantería Fecha de adquisición Fuente de adquisición Total de préstamos Signatura topográfica completa Código de barras Visto por última vez Precio de reemplazo Tipo de ítem Koha
        Biblioteca del Ateneo de Madrid Biblioteca del Ateneo de Madrid Sala Palomar 17/01/2008     C-11700 1096145 23/02/2023 23/02/2023 Libro impreso